| 000 | 02448nam a2200277Ia 4500 | ||
|---|---|---|---|
| 003 | OSt | ||
| 005 | 20210901150329.0 | ||
| 008 | 210310t2011 enkad fr 000 0deng d | ||
| 020 | _a9781780680231 | ||
| 040 |
_aCO-JMCR _cCO-JMCR |
||
| 041 | 0 | _aeng | |
| 082 | 0 | 4 |
_a340.11 / _bR397l _223 |
| 100 | 1 |
_aRenda, Andrea, _917271 _eautor |
|
| 245 | 1 | 0 |
_aLaw and economics in the RIA world : _bimproving the use of economic analysis in public policy and legislation / _cAndrea Renda |
| 260 |
_aCambridge : _bIntersentia, _c©2011 |
||
| 300 |
_axiv, 270 páginas : _bilustraciones y gráficas a blanco y negro ; _c24 cm. |
||
| 490 | 0 |
_aEuropean studies in law and economics ; _v6 |
|
| 500 | _aIncluye notas a pie de página y datos biográficos del autor. | ||
| 504 | _aBibliografía: páginas 243-270 | ||
| 505 | 0 | _aThe RIA world -- Law and economics: positive, normative and funcional approaches -- Conclusion: law and economics in the RIA world | |
| 520 | 3 | _aThe use of economics in public policy, in the form of ex ante Regulatory Impact Analysis (RIA), is strongly advocated by international organizations such as the OECD and the World Bank. In the US and the EU, hundreds of RIAS are produced every year to justify public intervention in the form of regulation. But reality shows that in many other countries the adoption and implementation of this tool has been patchy at best. At the same time, the economics used in RIA is heavily challenged by scholarly developments such as behavioral economics, neuro economics and the study of social norms, and was also un able to predict and cure the financial crisis that hit the global economy in 2007. The book claims that RIA should incorporate recent developments in the law and economics literature and provides an analysis of the potential contribution of positive, normative and functional schools of law and economics to the practice of RIA. The book contains thematic applications to pol icy fields such as environmental protection, energy efficiency, financial markets, antitrust, cyberspace and telecommunica tions. The book provides far-reaching recommendations on the future of law and economics, as well as on the organization of RIA systems around the world, particularly in the US and the EU. | |
| 650 | 1 | 4 |
_aDerecho y economía _917273 |
| 650 | 2 | 4 |
_aPolíticas públicas (derecho internacional) _939866 |
| 650 | 2 | 4 |
_aDerecho administrativo _zEstados Unidos _937604 |
| 942 |
_2ddc _cBK |
||
| 999 |
_c8438 _d8438 |
||